01370nam a2200325 a 4500001001100000003000800011006001900019007001500038008004100053010001700094020002800111040002100139035002100160050002600181082002300207100002400230245011200254260003900366300002400405504006600429533015200495610005200647610005500699610004900754650003800803650003200841655002900873710001700902856012500919ebr5007016CaPaEBRm u cr cn|||||||||980622s1999 ctua sb 001 0 eng  z 98033573  z0275963632 (alk. paper) aCaPaEBRcCaPaEBR a(OCoLC)19195073014aUA646.3b.B483 1999eb04a355/.0310918212211 aBilinsky, Yaroslav.10aEndgame in NATO's enlargementh[electronic resource] :bthe Baltic States and Ukraine /cYaroslav Bilinsky. aWestport, Conn. :bPraeger,c1999. axvi, 148 p. :bill. aIncludes bibliographical references (p. [127]-135) and index. aElectronic reproduction.bPalo Alto, Calif. :cebrary,d2013.nAvailable via World Wide Web.nAccess may be limited to ebrary affiliated libraries.20aNorth Atlantic Treaty OrganizationxMembership.20aNorth Atlantic Treaty OrganizationzBaltic States.20aNorth Atlantic Treaty OrganizationzUkraine. 0aNational securityzBaltic States. 0aNational securityzUkraine. 7aElectronic books.2local2 aebrary, Inc.40uhttp://site.ebrary.com/lib/rucke/Doc?id=5007016zAn electronic book accessible through the World Wide Web; click to view